Aston Villa Squad 2020-2021 - Statistics

General Stats
  • This quiz has been taken 58 times
    49 since last reset
  • The average score is 18 of 29
Answer Stats
# Position Nation Player % Correct
26 GK Argentina Emiliano Martínez
89%
10 MF England Jack Grealish
89%
11 FW England Ollie Watkins
89%
6 MF Brazil Douglas Luiz
87%
4 DF England Ezri Konsa
87%
7 MF Scotland John McGinn
84%
5 DF England Tyrone Mings
84%
15 FW Burkina Faso Bertrand Traoré
82%
2 DF England Matty Cash
79%
1 GK England Tom Heaton
79%
21 FW Netherlands Anwar El Ghazi
76%
17 FW Egypt Trézéguet
76%
18 DF England Matt Targett
74%
- Coach England Dean Smith
68%
9 FW Brazil Wesley Moraes
68%
41 MF England Jacob Ramsey
63%
19 MF Zimbabwe Marvelous Nakamba
63%
25 MF France Morgan Sanson
63%
14 MF Ireland Conor Hourihane
53%
27 DF Egypt Ahmed Elmohamady
50%
30 DF England Kortney Hause
50%
12 GK England Jed Steer
45%
20 MF England Ross Barkley
45%
24 DF France Frédéric Guilbert
42%
22 DF Belgium Björn Engels
39%
39 FW England Keinan Davis
32%
28 GK Croatia Lovre Kalinić
32%
3 DF England Neil Taylor
32%
8 MF England Henri Lansbury
24%
No matching quizzes found
Score Distribution
Percent of People with Each Score
Percentile by Number Answered
Your Score History
You have not taken this quiz since the last reset